000 00581nam a2200241Ia 4500
003 OSt
005 20220918174036.0
006 a|||||r|||| 00| 0
007 ta
008 220917b |||||||| |||| 00| 0 eng d
024 _a10,127
037 _cTextual
040 _aARTS
_cARTS
_beng
041 _2eng
_aeng
082 _aQ2:23, L9
100 _aGupta S
_948874
245 0 _aHindu tantrism
260 _aLedien
_bE J Brill
_c1979
300 _ax, 208p.
_ccm.
650 _aRELIGION
942 _hQ2:23, L9
_cTEXL
_2CC
999 _c151524
_d151524